The importance of being earnest : Charleston Conference proceedings, 2014 /

Over one hundred presentations from the thirty-fourth Charleston Library Conference (held November 5-8, 2014) are included in this annual proceedings volume. Major themes of the meeting included patron-driven acquisitions versus librarian-driven acquisitions; marketing library resources to faculty a...

Full description

Bibliographic Details
Corporate Authors: Charleston Conference Charleston, S.C., JSTOR (Organization)
Format: Conference Proceeding eBook
Language:English
Published: [Charleston, South Carolina] : Against the Grain Press, LLC, [2015]
Subjects:
Online Access:Connect to the full text of this electronic book

MARC

Tag First Indicator Second Indicator Subfields
LEADER 00000cam a2200000Ii 4500
001 in00004635100
006 m o d
007 cr |||||||||||
008 170314s2015 scua ob 100 0 eng d
005 20230103223405.9
035 |a (OCoLC)ocn975485320 
040 |a VLB  |b eng  |e rda  |c VLB  |d IDEBK  |d YDX  |d OCLCQ  |d OCLCF  |d JSTOR  |d OCLCO  |d LUU  |d OCLCO 
019 |a 983485423 
020 |a 9781941269053  |q (electronic bk.) 
020 |a 1941269052  |q (electronic bk.) 
020 |z 9781941269039 
020 |z 1941269036 
035 |a (OCoLC)975485320  |z (OCoLC)983485423 
037 |a 22573/ctv15wd5fr  |b JSTOR 
043 |a n-us--- 
050 4 |a Z672.5  |b .C53 2014eb 
082 0 4 |a 020.973  |2 23 
049 |a TXAM 
111 2 |a Charleston Conference  |n (34th :  |d 2014 :  |c Charleston, S.C.) 
245 0 4 |a The importance of being earnest :  |b Charleston Conference proceedings, 2014 /  |c edited by Beth R. Bernhardt, Leah H. Hinds, and Katina P. Strauch. 
264 1 |a [Charleston, South Carolina] :  |b Against the Grain Press, LLC,  |c [2015] 
264 2 |a West Lafayette :  |b Purdue University Press 
264 4 |c ©2015 
300 |a 1 online resource (xv, 631 pages) :  |b illustrations 
336 |a text  |b txt  |2 rdacontent 
337 |a computer  |b c  |2 rdamedia 
338 |a online resource  |b cr  |2 rdacarrier 
504 |a Includes bibliographical references and index. 
588 |a Description based on print version record. 
520 |a Over one hundred presentations from the thirty-fourth Charleston Library Conference (held November 5-8, 2014) are included in this annual proceedings volume. Major themes of the meeting included patron-driven acquisitions versus librarian-driven acquisitions; marketing library resources to faculty and students to increase use; measuring and demonstrating the library's role and impact in the retention of students and faculty; the desirability of textbook purchasing by the library; changes in workflows necessitated by the move to virtual collections; the importance of self-publishing and open access publishing as a collection strategy; the hybrid publisher and the hybrid author; the library's role in the collection of data, datasets, and data curation; and data-driven decision making. While the Charleston meeting remains a core one for acquisitions, serials, and collection development librarians in dialog with publishers and vendors, the breadth of coverage of this volume reflects the fact that the Charleston Conference is now one of the major venues for leaders in the information community to shape strategy and prepare for the future. Over 1,600 delegates attended the 2014 meeting, ranging from the staff of small public library systems to CEOs of major corporations. This fully indexed, copyedited volume provides a rich source for the latest evidence-based research and lessons from practice in a range of information science fields. The contributors are leaders in the library, publishing, and vendor communities. 
650 0 |a Library science  |v Congresses. 
650 0 |a Library science  |z United States  |v Congresses. 
650 0 |a Collection management (Libraries)  |v Congresses. 
650 0 |a Acquisitions (Libraries)  |v Congresses. 
650 0 |a Use-driven acquisitions (Libraries)  |v Congresses. 
650 0 |a Library users  |v Congresses. 
650 0 |a Communication in learning and scholarship  |v Congresses. 
650 0 |a Electronic information resources  |x Management  |v Congresses. 
650 0 |a Library administration  |v Congresses. 
650 0 |a Libraries  |x Information technology  |v Congresses. 
650 6 |a Bibliothéconomie  |v Congrès. 
650 6 |a Gestion des collections (Bibliothèques)  |v Congrès. 
650 6 |a Acquisitions (Bibliothèques)  |v Congrès. 
650 6 |a Acquisitions initiées par les usagers (Bibliothèques)  |v Congrès. 
650 6 |a Usagers des bibliothèques  |v Congrès. 
650 6 |a Communication savante  |v Congrès. 
650 6 |a Sources d'information électroniques  |x Gestion  |v Congrès. 
650 6 |a Bibliothèques  |x Administration  |v Congrès. 
650 6 |a Bibliothèques  |x Technologie de l'information  |v Congrès. 
650 7 |a Acquisitions (Libraries)  |2 fast  |0 (OCoLC)fst00796015 
650 7 |a Collection management (Libraries)  |2 fast  |0 (OCoLC)fst00867188 
650 7 |a Communication in learning and scholarship.  |2 fast  |0 (OCoLC)fst00870164 
650 7 |a Libraries  |x Information technology.  |2 fast  |0 (OCoLC)fst00997410 
650 7 |a Library administration.  |2 fast  |0 (OCoLC)fst00997606 
650 7 |a Library science.  |2 fast  |0 (OCoLC)fst00997916 
650 7 |a Library users.  |2 fast  |0 (OCoLC)fst00998021 
650 7 |a Use-driven acquisitions (Libraries)  |2 fast  |0 (OCoLC)fst01894912 
651 7 |a United States.  |2 fast  |0 (OCoLC)fst01204155 
650 7 |a Biblioteksvetenskap.  |2 sao 
650 7 |a Informationsvetenskap.  |2 sao 
655 7 |a Electronic books.  |2 local 
655 7 |a Conference papers and proceedings.  |2 fast  |0 (OCoLC)fst01423772 
700 1 |a Bernhardt, Beth R.,  |e editor of compilation. 
700 1 |a Hinds, Leah H.,  |e editor of compilation. 
700 1 |a Strauch, Katina P.,  |d 1946-  |e editor of compilation. 
710 2 |a JSTOR (Organization) 
776 0 8 |i Print version:  |a Charleston Conference (34th : 2014 : Charleston, S.C.).  |t Importance of being earnest.  |d [Charleston, South Carolina] : Against the Grain Press, LLC, [2015]  |z 9781941269039  |w (OCoLC)907101733 
856 4 0 |u https://www.jstor.org/stable/10.2307/j.ctv15wxqrv  |z Connect to the full text of this electronic book  |t 0 
955 |a JSTOR Open Access ebooks 
994 |a 92  |b TXA 
999 f f |s 95e9e060-235b-4fa8-a905-f8590c3beb16  |i c17406dd-d4dd-4971-b5ce-66e1b0ca406d  |t 0 
952 f f |a Texas A&M University  |b College Station  |c Electronic Resources  |d Available Online  |t 0  |e Z672.5 .C53 2014eb  |h Library of Congress classification 
998 f f |a Z672.5 .C53 2014eb  |t 0  |l Available Online